Tous les Kirby Switch - Statistiques

Statistiques générales
  • Ce quiz a été pris 21 fois
  • Le résultat moyen est 3 sur 6
Statistiques - réponses
Date sortie Nom % Correct
03/2022 Kirby et le monde oublié
100%
03/2018 Kirby Star Allies
89%
09/2019 Super Kirby Clash
44%
09/2020 Kirby Fighters 2
33%
08/2022 Kirby's Dream Buffet
33%
02/2023 Kirby's Return to Dream Land Deluxe
33%
Aucun quiz correspondant
Distribution des résultats
% des personnes avec chaque résultat
Percentile par nombre de réponses
Votre historique - résultats
Vous n’avez pas pris ce quiz